000 005200000a22001690004500
090 _aAR
_b02276
245 1 0 _aDe plantis toxicariis e mundo novo tropicale commentationes IV
650 1 4 _aEtnobotánica
_992498
650 1 4 _aPlantas alucinógenas
_94834
650 1 4 _aTaxonomía vegetal
_992262
650 1 4 _aToxicología
_992700
651 4 _pColombia
_992749
041 0 _aPortugués
100 1 _aEvans Schultes, Richard
_915229
942 _cARTICULO
773 1 _tBotanical Museum Leaflets
_31203
_h4
_q133-163
_d1969
_g22
999 _c11348
_d11348